| 000 | 00564nam a2200145Ia 4500 | ||
|---|---|---|---|
| 999 |
_c14766 _d14766 |
||
| 082 | _aRB.0264 | ||
| 100 | _aBhattacharya, Subhasis | ||
| 245 | 0 |
_aHealth seeking behaviour and provider's efficiency status: _ba comparative study between Jalpaiguri and Cooch Behar District of West Bengal |
|
| 260 |
_c0 _bIndian Council of Social Science Research, New Delhi |
||
| 300 | _axii, 182p | ||
| 504 | _aIncludes references | ||
| 650 |
_aJalpaiguri and Cooch Behar _vPublic health |
||
| 650 |
_aPublic health _zIndia _zWest Bengal _zCooch Behar _zJalpaiguri |
||
| 942 |
_cRP _2ddc |
||